000 00274nam a22001217a 4500
008 180801b xxu||||| |||| 00| 0 eng d
082 _a813.52
245 _aChildren's Encyclopedia
_cEyewitness
260 _c1
300 _a1
_fCD
440 _x0789422336
942 _2ddc
_cMX
999 _c46698
_d46698